000 00312nam a2200133Ia 4500
008 191201s2005 xx 000 0 und d
082 _a658.069
_bBAF
100 _aBANERJEE, Bani P
245 0 _aFoundation of Ethics
260 _aN.Delhi
_bExcel Books
_c2005
300 _a176
650 _aMBA
942 _2ddc
_cBK
999 _c2711
_d2711